National Anthem of Antigua and Barbuda - Fair Antigua, We Salute Thee - Statistics

General Stats
  • This quiz has been taken 3 times
  • The average score is 67 of 129
Answer Stats
Lyrics % Correct
A
100%
and
100%
Antigua
100%
Barbuda.
100%
country,
100%
Fair
100%
free;
100%
free.
100%
is
100%
love
100%
nation
100%
peace
100%
T
100%
the
100%
To
100%
to
100%
We
100%
where
100%
all;
67%
all
67%
do
67%
God
67%
in
67%
land
67%
man
67%
now
67%
of
67%
our
67%
stand
67%
Strong
67%
this
67%
thy
67%
Thy
67%
true
67%
unity
67%
achieving,
33%
Answer
33%
battle
33%
blessings
33%
boldly!
33%
brave
33%
building
33%
call
33%
commit
33%
danger
33%
defend
33%
duty's
33%
Dwell
33%
Each
33%
endeavouring,
33%
enduring
33%
Ever
33%
ever
33%
Fall
33%
fear,
33%
firm
33%
'Gainst
33%
Gird
33%
giving
33%
hate
33%
her
33%
it
33%
join
33%
let
33%
liberty.
33%
Live
33%
loins
33%
nations,
33%
native
33%
nothing,
33%
or
33%
ours;
33%
ourselves
33%
poverty,
33%
Raise
33%
safeguard
33%
seeking,
33%
service
33%
sons
33%
Sparing
33%
standard!
33%
striving,
33%
Thee,
33%
upon
33%
us
33%
your
33%
children
0%
crops
0%
daughers
0%
failing,
0%
faith,
0%
fields
0%
Fill
0%
flowers;
0%
Give
0%
implore
0%
loyalty,
0%
Never
0%
Rain
0%
sending,
0%
strength,
0%
sunshine
0%
with
0%
No matching quizzes found
Score Distribution
Percent of People with Each Score
Percentile by Number Answered
Your Score History
You have not taken this quiz